000 00589nam a2200229 a 4500
001 nice12345678
003 IN_TiNIC
005 20260116013138.0
008 050524s1980 lona grp 000 0 eng
020 _a
_c440
082 0 0 _a297.4
_bSHA9
100 _aShah, Ikbal Ali
245 _aEscape from Central Asia
260 _aLondon
_bOctagon Press
_c1980
300 _a179p
500 _aincludes index and biblioraphy
505 2 _aEnglish Rendering Muhammad Akbnar Muradpuri, Abul Aziz Kamal
700 1 _aShah, Ikbal Ali
902 _bSRS
942 _cBK
999 _c9853
_d9853